Faktory úspešnosti regionálnych sietí v cestovnom ruchu

Charakteristika sietí cestovného ruchu. Postavenie sietí cestovného ruchu v destinácii. Vznik sietí a inovácie. Faktory úspešnosti sietí v cestovnom ruchu.

Na minha lista:
Detalhes bibliográficos
Autor principal: Michálková, Anna, 1968-
Formato: Capítulo de Livro
Idioma:eslovaco
Assuntos:
Tags: Adicionar Tag
Sem tags, seja o primeiro a adicionar uma tag!

MARC

LEADER 00000naa a2200000 4500
001 0128151
005 20240502083322.6
041 0 |a slo 
044 |a CZ 
245 1 0 |a Faktory úspešnosti regionálnych sietí v cestovnom ruchu  |c Anna Michálková 
520 |a Charakteristika sietí cestovného ruchu. Postavenie sietí cestovného ruchu v destinácii. Vznik sietí a inovácie. Faktory úspešnosti sietí v cestovnom ruchu. 
610 2 0 |a siete regionálne 
610 2 0 |a ruch cestovný 
610 2 0 |a regióny 
610 2 0 |a inovácia 
610 2 0 |a spolupráca regionálna 
100 1 |a Michálková, Anna, 1968-